| 000 | nam a22 7a 4500 | ||
|---|---|---|---|
| 999 |
_c150935 _d150933 |
||
| 005 | 20190905094204.0 | ||
| 008 | 190905b ag ||||| |||| 00| 0 spa d | ||
| 020 | _a9504352413 | ||
| 050 | 0 | 4 |
_aPN4735 _bB87 1993 |
| 100 | 1 | _aBustos, Elsa Cristina. | |
| 245 | 1 | 3 |
_aLa pulsión de la sensura _b: el rumor : ¿patología social o poder alternativo? y otros ensayos _c/ Elsa Cristina Bustos. |
| 250 | _a1a ed. | ||
| 260 |
_aLa Plata, Argentina : _b[s.n.], _c1993. |
||
| 300 |
_a91 p. ; _c20 cm. |
||
| 505 | 0 |
_tIdioma, Integración, Soberanía. _tLa misión del periodista. _tLa mujer, El cristianismo y los medios de comunicación social. |
|
| 650 | 7 |
_2lemb _aLibertad de prensa |
|
| 650 | 7 |
_2lemb _aCensura _xPeriodismo |
|
| 942 |
_2lcc _cLIB |
||